Statistics for Niger... or Nigeria?

Click here to take the quiz!

General Stats

  • This quiz has been taken 29 times
    (28 since last reset)
  • The average score is 11 of 15

Answer Stats

Question Answer % Correct
Referred to as "The Giant of Africa"Nigeria
92%
Has a lower Human Developmental Index (HDI) of the twoNiger
88%
Is landlockedNiger
88%
The larger trading partner with the United States (Sub-Saharan wise) of the twoNigeria
88%
Official language is FrenchNiger
84%
80% of land is covered by the Sahara DesertNiger
84%
Most populous city is NOT the capitalNigeria
80%
Smaller in areaNigeria
76%
Has the highest infant mortality rate in the worldNiger
76%
Name originated from a riverBoth
68%
Petroleum makes up 40% of Gross Domestic Product (GDP)Nigeria
68%
Flag is made up of only two colorsNigeria
68%
Predominantly is made up of a Muslim populationNiger
60%
Primary currency is the NairaNigeria
52%
30% of the population are employed in agricultureNigeria
16%

Score Distribution

Percentile by Number Answered

Percent of People with Each Score

Your Score History

You have not taken this quiz since the last reset